000 00274nam a22001337a 4500
008 171021b xxu||||| |||| 00| 0 eng d
020 _a9780390236777
041 _aeng
080 _a658
100 _a54
101 _aLIN
245 _aLEADERSHIP
_cACC
942 _2udc
_cBK
999 _c35332
_d35332